[Event "NAYCC U16"]
[Site "Kingston CAN"]
[Date "2025.08.22"]
[Round "8.9"]
[White "Huang, Eric"]
[Black "Zhang, Brian"]
[Result "0-1"]
[WhiteElo "1773"]
[BlackElo "1985"]
[WhiteFideId "-1"]
[WhiteFideId "-1"]
[PlyCount "100"]
[GameId "2219480634114474"]
[EventDate "2025.08.18"]
[EventType "swiss"]
[EventRounds "9"]
[EventCountry "CAN"]

1. d4 d5 2. c4 e6 3. Nc3 Bb4 4. e3 Nf6 5. Nf3 O-O 6. Bd3 c5 7. cxd5 exd5 8. O-O cxd4 9. Nxd4 Nc6 10. Qc2 Bd6 11. Nce2 Nb4 12. Qb3 Nxd3 13. Qxd3 a6 14. b3 Re8 15. Bb2 Bd7 16. a4 Rc8 17. Rac1 Rxc1 18. Bxc1 Bb8 19. Bb2 Qe7 20. Nf3 Rd8 21. Rc1 Bg4 22. Ned4 Qe4 23. Qxe4 dxe4 24. Nd2 Re8 25. h3 Bd7 26. Kf1 Nd5 27. Ba3 Ba7 28. Bc5 Rc8 29. Ba3 Rxc1+ 30. Bxc1 Bxd4 31. exd4 e3 32. Nc4 exf2 33. Kxf2 f6 34. Bd2 Kf8 35. Ne3 Bc6 36. Nxd5 Bxd5 37. b4 Kf7 38. g3 Ke6 39. Ke3 g5 40. Kd3 h5 41. a5 Kf5 42. h4 Kg4 43. Be1 Kf3 44. Kd2 Be4 45. Kc3 Bd5 46. Kd3 g4 47. Kc3 f5 48. Kd3 f4 49. gxf4 g3 50. Bd2 Be4+ 0-1

[Event "NAYCC U16"]
[Site "Kingston CAN"]
[Date "2025.08.22"]
[Round "8.10"]
[White "Qian, Eric"]
[Black "Manivannan, Prajit"]
[Result "1-0"]
[WhiteElo "1967"]
[BlackElo "1809"]
[WhiteFideId "-1"]
[WhiteFideId "-1"]
[PlyCount "93"]
[GameId "2219480633930125"]
[EventDate "2025.08.18"]
[EventType "swiss"]
[EventRounds "9"]
[EventCountry "CAN"]

1. d4 Nf6 2. c4 e6 3. Nc3 Bb4 4. e3 b6 5. Bd3 Bb7 6. f3 d5 7. Nge2 O-O 8. cxd5 exd5 9. O-O Re8 10. a3 Bf8 11. Qc2 c5 12. Bd2 Nc6 13. Rad1 cxd4 14. exd4 Rc8 15. Bg5 h6 16. Bxf6 Qxf6 17. Nxd5 Qd6 18. Ndc3 Nxd4 19. Bh7+ Kh8 20. Nxd4 g6 21. Bxg6 fxg6 22. Kh1 Qf6 23. Nde2 Rcd8 24. Ng3 Bg7 25. Qa4 a6 26. Nge4 Qe7 27. Qb3 b5 28. Qa2 Be5 29. b4 Qc7 30. Rc1 Qg7 31. Qc2 Rc8 32. Nc5 Rc7 33. Nxb7 Rxc3 34. Qe4 Rxc1 35. Rxc1 Re7 36. Nc5 Bb2 37. Qa8+ Kh7 38. Rb1 Bxa3 39. Ne4 Ra7 40. Nf6+ Qxf6 41. Qxa7+ Kg8 42. Qb8+ Kf7 43. Qc7+ Kg8 44. Qc2 Qe6 45. Qc3 Qa2 46. Ra1 Bxb4 47. Qc8+ 1-0

[Event "NAYCC U16"]
[Site "Kingston CAN"]
[Date "2025.08.22"]
[Round "8.11"]
[White "Wang, Andy"]
[Black "Darvekar, Yash"]
[Result "1-0"]
[WhiteElo "1792"]
[BlackElo "1934"]
[WhiteFideId "-1"]
[WhiteFideId "-1"]
[PlyCount "137"]
[GameId "2219480633954702"]
[EventDate "2025.08.18"]
[EventType "swiss"]
[EventRounds "9"]
[EventCountry "CAN"]

1. e4 c5 2. Nf3 d6 3. d4 cxd4 4. Nxd4 Nf6 5. Nc3 a6 6. Be3 e5 7. Nf3 Be7 8. Bc4 O-O 9. O-O Be6 10. Bb3 Nc6 11. Bg5 Ne8 12. Bxe7 Qxe7 13. Nd5 Bxd5 14. Bxd5 Nf6 15. c3 Qc7 16. Qd2 Ne7 17. Rfd1 Nexd5 18. exd5 Rac8 19. Rac1 b5 20. Nh4 g6 21. Qh6 Ne8 22. Nf3 f6 23. h4 Ng7 24. b3 Qc5 25. Qe3 Nf5 26. Qxc5 dxc5 27. c4 Nd6 28. Nd2 e4 29. Re1 Rfe8 30. g3 f5 31. Re3 h6 32. f3 exf3 33. Rce1 Rxe3 34. Rxe3 bxc4 35. bxc4 Re8 36. Rxe8+ Nxe8 37. Nb3 Nd6 38. Nxc5 Nxc4 39. Kf2 Ne5 40. Nxa6 Kf7 41. Nb4 g5 42. hxg5 hxg5 43. a4 g4 44. a5 Nc4 45. Nc6 Ke8 46. a6 Nb6 47. a7 Kd7 48. Ne5+ Kc8 49. Nc4 Na8 50. Nd6+ Kc7 51. Nxf5 Kb7 52. Nh6 Kxa7 53. Nxg4 Kb6 54. Kxf3 Kc5 55. Ke4 Nb6 56. Ne3 Kd6 57. g4 Ke7 58. g5 Nc8 59. Nc4 Kf7 60. d6 Na7 61. Kf5 Nb5 62. Ne5+ Ke8 63. Ke6 Nd4+ 64. Kf6 Nb5 65. d7+ Kd8 66. g6 Nc7 67. g7 Nd5+ 68. Kf7 Ne7 69. g8=Q+ 1-0

[Event "NAYCC U16"]
[Site "Kingston CAN"]
[Date "2025.08.22"]
[Round "8.12"]
[White "Wu, Nolan"]
[Black "Tseng, Bradley"]
[Result "0-1"]
[WhiteElo "1926"]
[BlackElo "1786"]
[WhiteFideId "-1"]
[WhiteFideId "-1"]
[PlyCount "150"]
[GameId "2219480633966991"]
[EventDate "2025.08.18"]
[EventType "swiss"]
[EventRounds "9"]
[EventCountry "CAN"]

1. e4 c5 2. Nf3 Nc6 3. Bb5 e5 4. O-O Nge7 5. c3 g6 6. d4 cxd4 7. cxd4 exd4 8. Nxd4 Bg7 9. Be3 O-O 10. Nc3 d5 11. Bxc6 bxc6 12. exd5 cxd5 13. Qd2 Bb7 14. Rad1 Qd7 15. Rfe1 Rfe8 16. Qd3 Rac8 17. Rc1 Nc6 18. Nxc6 Bxc6 19. Bd4 Rxe1+ 20. Rxe1 Re8 21. Rd1 Qg4 22. Bxg7 Kxg7 23. h3 Qg5 24. Qd4+ Kg8 25. Nxd5 Bxd5 26. Qg4 Qxg4 27. hxg4 Bxa2 28. Ra1 Be6 29. Rxa7 Rb8 30. f3 Rxb2 31. Kh2 Kg7 32. Kg3 Bc4 33. Ra1 g5 34. Rc1 Bb5 35. Rd1 Be2 36. Rc1 Kg6 37. Ra1 f5 38. gxf5+ Kxf5 39. Rh1 Kg6 40. Rc1 Rb6 41. Rc2 Bd3 42. Rc8 h5 43. Rg8+ Kf5 44. Rf8+ Rf6 45. Rd8 Bc4 46. Rh8 h4+ 47. Kf2 Re6 48. Rf8+ Kg6 49. Rc8 Re2+ 50. Kf1 Rc2+ 51. Kg1 Kf5 52. Rf8+ Ke5 53. Re8+ Kf4 54. Re4+ Kf5 55. Rd4 Be6 56. Re4 Rc4 57. Re2 Rf4 58. Rc2 Bd5 59. Rc5 Ke5 60. Kh2 Kd4 61. Rb5 Rf5 62. Ra5 Ke3 63. Ra3+ Kf2 64. Ra5 Be6 65. Ra6 Bc4 66. Rc6 Be2 67. Rc2 Rf4 68. Rb2 h3 69. gxh3 Rxf3 70. Rb4 Rg3 71. Rb2 Rg2+ 72. Kh1 Kg3 73. h4 Bf3 74. Rxg2+ Bxg2+ 75. Kg1 g4 0-1

[Event "NAYCC U16"]
[Site "Kingston CAN"]
[Date "2025.08.22"]
[Round "8.13"]
[White "Mummidi, Aaryan"]
[Black "Chen, Larry"]
[Result "0-1"]
[WhiteElo "1884"]
[BlackElo "1742"]
[WhiteFideId "-1"]
[WhiteFideId "-1"]
[PlyCount "100"]
[GameId "2219480633987472"]
[EventDate "2025.08.18"]
[EventType "swiss"]
[EventRounds "9"]
[EventCountry "CAN"]

1. d4 Nf6 2. c4 e6 3. Nf3 Bb4+ 4. Bd2 Qe7 5. g3 Nc6 6. Bg2 Bxd2+ 7. Nbxd2 d6 8. O-O e5 9. d5 Nb8 10. e4 a5 11. b3 O-O 12. a3 Ne8 13. Qe2 g6 14. h4 f5 15. exf5 gxf5 16. Ng5 Nf6 17. f4 e4 18. Rfd1 Kh8 19. Nf1 Rg8 20. Nh3 c5 21. Nf2 Na6 22. Kh2 Bd7 23. Rab1 Rg7 24. Re1 Rag8 25. Nd1 Qf7 26. Nde3 Nh5 27. Qb2 h6 28. Qf2 Qf6 29. Bh3 Bc8 30. Re2 Nc7 31. Qe1 Nxg3 32. Nxg3 Qxh4 33. Rg2 Qxf4 34. Qc3 Kh7 35. Rf1 Qh4 36. Nexf5 Bxf5 37. Rxf5 Ne8 38. Rh5 Qf4 39. Bf5+ Kh8 40. Qe1 Nf6 41. Rh3 e3 42. Bd3 Ng4+ 43. Kg1 Nf2 44. Kh2 Nxh3 45. Kxh3 Qg4+ 46. Kh2 Qh4+ 47. Kg1 Rxg3 48. Qa1+ R8g7 49. Be4 Rxg2+ 50. Bxg2 Qf2+ 0-1

[Event "NAYCC U16"]
[Site "Kingston CAN"]
[Date "2025.08.22"]
[Round "8.14"]
[White "Tan, Rex"]
[Black "Hong, Zihan"]
[Result "0-1"]
[WhiteElo "1702"]
[BlackElo "1881"]
[WhiteFideId "-1"]
[WhiteFideId "-1"]
[PlyCount "86"]
[GameId "2219480634003857"]
[EventDate "2025.08.18"]
[EventType "swiss"]
[EventRounds "9"]
[EventCountry "CAN"]

1. d4 d5 2. c4 dxc4 3. Nc3 a6 4. a4 Nc6 5. Nf3 e5 6. d5 Na5 7. e4 Bd6 8. Be3 h6 9. Be2 Ne7 10. Nd2 O-O 11. O-O f5 12. Nxc4 Nxc4 13. Bxc4 f4 14. Bd2 Ng6 15. Qh5 Kh7 16. Kh1 Nh8 17. Rg1 g6 18. Qf3 Qh4 19. Be2 Nf7 20. g3 Qf6 21. Qg2 Ng5 22. f3 Bc5 23. g4 Bxg1 24. Rxg1 Nf7 25. Be1 Bd7 26. h4 g5 27. Qh2 Kg7 28. Nd1 Bxa4 29. Nf2 Bb5 30. Bd1 Rfd8 31. Nh3 a5 32. Bb3 a4 33. Ba2 Qd6 34. hxg5 hxg5 35. Bc3 Rh8 36. Kg2 Qc5 37. Rh1 a3 38. Bb1 a2 39. Bc2 a1=Q 40. Rxa1 Rxa1 41. Bb3 Bf1+ 42. Kh1 Bxh3+ 43. Qg1 Qxg1# 0-1

[Event "NAYCC U16"]
[Site "Kingston CAN"]
[Date "2025.08.22"]
[Round "8.15"]
[White "Stelmach, Noah"]
[Black "Pollitt, Henry"]
[Result "1-0"]
[WhiteElo "1729"]
[BlackElo "1813"]
[WhiteFideId "-1"]
[WhiteFideId "-1"]
[PlyCount "109"]
[GameId "2219480634012050"]
[EventDate "2025.08.18"]
[EventType "swiss"]
[EventRounds "9"]
[EventCountry "CAN"]

1. e4 e5 2. Nf3 Nc6 3. Bc4 Bc5 4. O-O Nf6 5. d4 Bxd4 6. Nxd4 Nxd4 7. Bg5 Ne6 8. f4 exf4 9. Bxe6 dxe6 10. Qxd8+ Kxd8 11. Rxf4 e5 12. Rxf6 gxf6 13. Bxf6+ Kd7 14. Bxh8 Ke6 15. Bg7 Bd7 16. Nc3 Rg8 17. Bh6 Bc6 18. Rd1 Rg4 19. h3 Rg6 20. Be3 a6 21. Nd5 Bxd5 22. exd5+ Kd6 23. c4 b6 24. b4 f5 25. c5+ bxc5 26. bxc5+ Kd7 27. d6 cxd6 28. Rxd6+ Rxd6 29. cxd6 Kxd6 30. Kf2 Kd5 31. Kf3 h5 32. a4 Kc4 33. a5 Kd3 34. Bb6 Kd2 35. Kg3 Ke2 36. Bc7 e4 37. Bb6 Kf1 38. h4 f4+ 39. Kxf4 Kxg2 40. Kg5 Kf3 41. Kxh5 e3 42. Bxe3 Kxe3 43. Kg5 Kd4 44. h5 Kc5 45. h6 Kb5 46. h7 Kxa5 47. h8=Q Kb4 48. Qb2+ Ka4 49. Kf4 a5 50. Qa2+ Kb4 51. Ke4 a4 52. Kd4 a3 53. Kd5 Ka4 54. Kc5 Ka5 55. Qxa3# 1-0

[Event "NAYCC U16"]
[Site "Kingston CAN"]
[Date "2025.08.22"]
[Round "8.16"]
[White "Li, Edward"]
[Black "Fillmore, Louis"]
[Result "1/2-1/2"]
[WhiteElo "1844"]
[BlackElo "1708"]
[WhiteFideId "-1"]
[WhiteFideId "-1"]
[PlyCount "45"]
[GameId "2219480634016147"]
[EventDate "2025.08.18"]
[EventType "swiss"]
[EventRounds "9"]
[EventCountry "CAN"]

1. e4 e5 2. Nf3 Nc6 3. Nc3 Nf6 4. Bb5 Bd6 5. O-O O-O 6. d4 exd4 7. Nxd4 a6 8. Be2 Re8 9. Bg5 h6 10. Bh4 Be5 11. Nxc6 bxc6 12. f3 Rb8 13. Rb1 d5 14. Bd3 Qd6 15. h3 Bxc3 16. bxc3 Rxb1 17. Qxb1 Qc5+ 18. Kh1 Qxc3 19. Qe1 Qd4 20. Qa5 Qb6 21. Qd2 Nd7 22. Re1 dxe4 23. Bxe4 1/2-1/2

[Event "NAYCC U16"]
[Site "Kingston CAN"]
[Date "2025.08.22"]
[Round "8.17"]
[White "Guliyev, Nadir"]
[Black "Dukkardt, Vladimir"]
[Result "1/2-1/2"]
[WhiteElo "1693"]
[BlackElo "1774"]
[WhiteFideId "-1"]
[WhiteFideId "-1"]
[PlyCount "49"]
[GameId "2219480634020244"]
[EventDate "2025.08.18"]
[EventType "swiss"]
[EventRounds "9"]
[EventCountry "CAN"]

1. d4 Nf6 2. Bf4 c5 3. e3 b6 4. c3 Bb7 5. Nf3 d6 6. Bg5 Nbd7 7. Be2 e6 8. O-O Be7 9. Nbd2 Ne4 10. Bf4 g5 11. Bg3 h5 12. Nxe4 Bxe4 13. Nd2 Bg6 14. f3 O-O 15. f4 g4 16. e4 cxd4 17. cxd4 Bf6 18. Bf2 Qe7 19. h3 gxh3 20. gxh3 Kg7 21. Kh2 Rh8 22. Rc1 d5 23. e5 Bh4 24. Bxh4 Qxh4 25. Rc7 1/2-1/2

[Event "NAYCC U16"]
[Site "Kingston CAN"]
[Date "2025.08.22"]
[Round "8.19"]
[White "Song, Jiacai"]
[Black "Kunapuli, Siddarth"]
[Result "1/2-1/2"]
[WhiteElo "1702"]
[BlackElo "1889"]
[WhiteFideId "-1"]
[WhiteFideId "-1"]
[PlyCount "65"]
[GameId "2219480634028438"]
[EventDate "2025.08.18"]
[EventType "swiss"]
[EventRounds "9"]
[EventCountry "CAN"]

1. d4 Nf6 2. c4 e6 3. Nf3 d5 4. Bg5 Be7 5. Nc3 O-O 6. e3 b6 7. Rc1 Bb7 8. cxd5 Nxd5 9. Bxe7 Qxe7 10. Bd3 Nd7 11. Bb1 Rfd8 12. Nxd5 exd5 13. Rxc7 Ba6 14. Bd3 Bxd3 15. Qxd3 Qb4+ 16. Qd2 Qb5 17. a3 Nf6 18. Ne5 Rdc8 19. Rxc8+ Rxc8 20. f3 Qb3 21. O-O Ne8 22. Rc1 Rxc1+ 23. Qxc1 f6 24. Nc6 a5 25. Qc3 Qxc3 26. bxc3 Kf7 27. a4 Nd6 28. Kf2 Nc4 29. Ke2 Ke6 30. e4 g6 31. Kd3 Nb2+ 32. Kc2 Nc4 33. Kd3 1/2-1/2

[Event "NAYCC U16"]
[Site "Kingston CAN"]
[Date "2025.08.22"]
[Round "8.23"]
[White "Grosman, Ari"]
[Black "Harit, Neil"]
[Result "0-1"]
[WhiteElo "1747"]
[BlackElo "1620"]
[WhiteFideId "-1"]
[WhiteFideId "-1"]
[PlyCount "95"]
[GameId "2219480634057115"]
[EventDate "2025.08.18"]
[EventType "swiss"]
[EventRounds "9"]
[EventCountry "CAN"]

1. d4 Nf6 2. Nf3 g6 3. c4 Bg7 4. Nc3 d5 5. Bg5 Ne4 6. Bf4 Nxc3 7. bxc3 O-O 8. e3 c5 9. cxd5 Qxd5 10. Be2 cxd4 11. cxd4 Nc6 12. O-O Bf5 13. Qb3 Qd7 14. Rfd1 Rac8 15. Ne5 Nxe5 16. dxe5 Qc6 17. Bf3 Be4 18. Bxe4 Qxe4 19. Qa3 e6 20. Qxa7 Rfd8 21. h3 h6 22. Qb6 Rxd1+ 23. Rxd1 g5 24. Bg3 Bf8 25. Kh2 Bc5 26. Rd8+ Kg7 27. Qa5 Bb4 28. Qb6 Rc1 29. f3 Qb1 30. Bf2 Qb2 31. e4 Rc2 32. Kg1 Qa1+ 33. Kh2 Qxe5+ 34. Bg3 Qb2 35. Qd4+ Qxd4 36. Rxd4 Bc5 37. Ra4 b6 38. Ra6 Rc1 39. Bc7 Rb1 40. a4 h5 41. f4 Bg1+ 42. Kh1 Be3+ 43. Kh2 gxf4 44. g4 f3 45. Bg3 Bg1+ 46. Kh1 h4 47. Be5+ Kg6 48. Rxb6 0-1

[Event "NAYCC U16"]
[Site "Kingston CAN"]
[Date "2025.08.23"]
[Round "9.1"]
[White "Colville, Julian"]
[Black "Lu, Tony"]
[Result "1-0"]
[WhiteElo "2287"]
[BlackElo "1974"]
[WhiteFideId "-1"]
[WhiteFideId "-1"]
[PlyCount "83"]
[GameId "2220148372945553"]
[EventDate "2025.08.18"]
[EventType "swiss"]
[EventRounds "9"]
[EventCountry "CAN"]

1. e4 e6 2. d4 d5 3. Nc3 Bb4 4. e5 c5 5. a3 Bxc3+ 6. bxc3 Nc6 7. Qg4 g6 8. Nf3 Qa5 9. Bd2 c4 10. Qf4 h6 11. h4 Bd7 12. Be2 Nge7 13. O-O O-O-O 14. a4 Kb8 15. Rfb1 Rc8 16. Rb5 Qa6 17. Qf6 Rh7 18. Bc1 Nf5 19. Ba3 Nce7 20. Bxe7 Nxe7 21. Rbb1 Ng8 22. Qf4 Qa5 23. Rb4 Rc6 24. Rab1 Qc7 25. Qc1 Bc8 26. Qa3 Ne7 27. Nh2 Ng8 28. Ng4 Qe7 29. a5 Qxh4 30. Rxb7+ Bxb7 31. Qf8+ Rc8 32. Rxb7+ Kxb7 33. a6+ Kb6 34. Qxc8 Rh8 35. Qb7+ Ka5 36. Qxa7 Qe7 37. Qa8 h5 38. Ne3 h4 39. a7 Ka6 40. Nxc4 Nh6 41. Nd6+ Ka5 42. Qb8 1-0

[Event "NAYCC U16"]
[Site "Kingston CAN"]
[Date "2025.08.23"]
[Round "9.2"]
[White "Wang, Nathan"]
[Black "Willy, Stephen"]
[Result "0-1"]
[WhiteElo "1994"]
[BlackElo "2242"]
[WhiteFideId "-1"]
[WhiteFideId "-1"]
[PlyCount "82"]
[GameId "2220148373039772"]
[EventDate "2025.08.18"]
[EventType "swiss"]
[EventRounds "9"]
[EventCountry "CAN"]

1. e4 e5 2. Nf3 Nc6 3. Bc4 Nf6 4. d3 h6 5. c3 d6 6. a4 g5 7. Qb3 Qe7 8. a5 a6 9. Nbd2 Bg7 10. Nf1 g4 11. N3d2 h5 12. Ne3 Nd8 13. Ndf1 h4 14. Bd2 c6 15. O-O-O Be6 16. Bxe6 fxe6 17. Nc4 Nf7 18. f4 exf4 19. Bxf4 O-O-O 20. e5 dxe5 21. Bxe5 Nxe5 22. Nxe5 Nd5 23. Nc4 Nf4 24. Qc2 Qg5 25. Kb1 Qg6 26. Nfe3 e5 27. g3 hxg3 28. hxg3 Nxd3 29. Rxh8 Bxh8 30. Nxg4 e4 31. Qe2 Rf8 32. Nce3 Bf6 33. Rf1 Be7 34. Rxf8+ Bxf8 35. Qf1 Bd6 36. Qh3 Kb8 37. Qh8+ Ka7 38. Qd8 Bc5 39. b4 Qe6 40. Kc2 Qa2+ 41. Kd1 Qb1+ 0-1

[Event "NAYCC U16"]
[Site "Kingston CAN"]
[Date "2025.08.23"]
[Round "9.3"]
[White "Tang, Dylan"]
[Black "Wu, Jonathan"]
[Result "1-0"]
[WhiteElo "2246"]
[BlackElo "2130"]
[WhiteFideId "-1"]
[WhiteFideId "-1"]
[PlyCount "104"]
[GameId "2220148373080743"]
[EventDate "2025.08.18"]
[EventType "swiss"]
[EventRounds "9"]
[EventCountry "CAN"]

1. e4 c5 2. Nf3 d6 3. d4 cxd4 4. Nxd4 Nf6 5. Nc3 a6 6. Qd3 g6 7. f3 h5 8. Be3 Bg7 9. Be2 Nc6 10. h3 Bd7 11. O-O-O Rc8 12. Nxc6 Rxc6 13. Bd4 Qa5 14. a3 O-O 15. Na2 Be6 16. Nb4 Rc7 17. Qe3 Qa4 18. c3 a5 19. Nc2 b5 20. Kd2 Nd7 21. Bxg7 Kxg7 22. Qd4+ Ne5 23. f4 Qxd4+ 24. Nxd4 Nc4+ 25. Bxc4 Bxc4 26. Ke3 a4 27. Nf3 Rc5 28. Rd4 Rfc8 29. Rhd1 R8c7 30. e5 d5 31. Nd2 e6 32. Nf3 Rc8 33. R4d2 Rh8 34. g3 Rcc8 35. Rh2 Rh7 36. Rdh1 Kf8 37. g4 Ke7 38. f5 Rch8 39. fxg6 fxg6 40. Nh4 Rg8 41. g5 Rf7 42. Rg1 Ba2 43. Rf2 Rxf2 44. Kxf2 Bb3 45. Rc1 Kd7 46. Ke3 Bc4 47. Rh1 Kc7 48. Rg1 Rg7 49. Rg3 d4+ 50. cxd4 Bd5 51. Rg1 Bb3 52. Rc1+ Kd8 {...} 1-0

[Event "NAYCC U16"]
[Site "Kingston CAN"]
[Date "2025.08.23"]
[Round "9.4"]
[White "Liu, Ethan"]
[Black "Yang, Larry"]
[Result "1-0"]
[WhiteElo "2136"]
[BlackElo "2108"]
[WhiteFideId "-1"]
[WhiteFideId "-1"]
[PlyCount "77"]
[GameId "2220148373088937"]
[EventDate "2025.08.18"]
[EventType "swiss"]
[EventRounds "9"]
[EventCountry "CAN"]

1. e4 c5 2. Nf3 Nc6 3. d4 cxd4 4. Nxd4 g6 5. c4 Bg7 6. Be3 Qb6 7. Nb5 Qa5+ 8. N5c3 d6 9. Be2 Be6 10. O-O Rc8 11. f4 Nf6 12. Nd2 h5 13. h3 h4 14. Nb3 Qd8 15. Rc1 b6 16. Qe1 Qd7 17. Qf2 Qb7 18. Nd2 Bd7 19. b3 Rd8 20. Nf3 Qc8 21. Kh2 Nh5 22. Nxh4 Kf8 23. g4 Bxc3 24. gxh5 Bf6 25. f5 Ne5 26. fxg6 Bxh3 27. g7+ Kxg7 28. Qg3+ Bg4 29. Nf5+ Kh7 30. Bxg4 Rdg8 31. Rf4 Rg5 32. Rg1 Rhg8 33. Qh3 Nd3 34. Nh6 Be5 35. Bxc8 Rxg1 36. Nxg8 Rxg8 37. Bf5+ Kh6 38. Qf1 Kg5 39. Qg2+ 1-0

[Event "NAYCC U16"]
[Site "Kingston CAN"]
[Date "2025.08.23"]
[Round "9.5"]
[White "Dhaliwal, Jaipreet Singh"]
[Black "Jiang, Barron Jiyu"]
[Result "0-1"]
[WhiteElo "2036"]
[BlackElo "1883"]
[WhiteFideId "-1"]
[WhiteFideId "-1"]
[PlyCount "126"]
[GameId "2220148373097130"]
[EventDate "2025.08.18"]
[EventType "swiss"]
[EventRounds "9"]
[EventCountry "CAN"]

1. e4 c5 2. Nf3 d6 3. d4 cxd4 4. Nxd4 Nf6 5. Nc3 a6 6. Be3 e5 7. Nf3 Be7 8. Bc4 h6 9. O-O O-O 10. Qe2 Be6 11. Bb3 b5 12. Rfd1 Nbd7 13. Rac1 Rc8 14. Qe1 Qc7 15. Nd2 Qb7 16. a3 a5 17. f3 b4 18. axb4 axb4 19. Nd5 Nxd5 20. exd5 Bxd5 21. Bxd5 Qxd5 22. Ne4 Qe6 23. Qxb4 d5 24. Qb5 d4 25. Bf2 Rb8 26. Qd3 Rxb2 27. c3 f5 28. Nd2 Nc5 29. Qc4 Bg5 30. Qxc5 Bxd2 31. cxd4 Bxc1 32. d5 Rd8 33. Qxc1 Rxd5 34. Rxd5 Qxd5 35. h4 Rb8 36. Qc7 Qd8 37. Qxe5 Rb1+ 38. Kh2 Qb8 39. Qxb8+ Rxb8 40. h5 Kf7 41. Bg3 Rb4 42. Bd6 Rh4+ 43. Kg1 Rxh5 44. Bf4 Rh4 45. Be5 Ra4 46. Kh2 g5 47. Kg3 Ke6 48. Bg7 h5 49. Bb2 f4+ 50. Kh3 Kf5 51. Bg7 Ra2 52. Kh2 g4 53. Kh1 Rd2 54. Kg1 Rd1+ 55. Kf2 g3+ 56. Ke2 Rg1 57. Bd4 Rxg2+ 58. Kf1 Rd2 59. Bb6 h4 60. Kg1 h3 61. Kh1 Rd1+ 62. Bg1 h2 63. Kg2 Rxg1+ 0-1

[Event "NAYCC U16"]
[Site "Kingston CAN"]
[Date "2025.08.23"]
[Round "9.6"]
[White "Iordanescu, Victor Nicolae"]
[Black "Zhang, Brian"]
[Result "1/2-1/2"]
[WhiteElo "1901"]
[BlackElo "1985"]
[WhiteFideId "-1"]
[WhiteFideId "-1"]
[PlyCount "124"]
[GameId "2220148373105323"]
[EventDate "2025.08.18"]
[EventType "swiss"]
[EventRounds "9"]
[EventCountry "CAN"]

1. d4 d5 2. c4 e6 3. Nf3 Nf6 4. g3 Bb4+ 5. Nbd2 dxc4 6. Qc2 b5 7. a4 c6 8. Bg2 Bb7 9. O-O a6 10. b3 cxb3 11. Nxb3 Nbd7 12. Bg5 h6 13. Bxf6 gxf6 14. Nc5 Nxc5 15. dxc5 O-O 16. Rfc1 Ba5 17. Rd1 Qc8 18. Nd4 Bd8 19. Qe4 Qc7 20. Qg4+ Kh8 21. Qh5 Kg7 22. Qg4+ Kh8 23. Qh5 Kg7 24. f4 Be7 25. Qg4+ Kh8 26. Qh5 Kg7 27. Be4 Rh8 28. Qg4+ Kf8 29. Qxe6 fxe6 30. Nxe6+ Kf7 31. Nxc7 Bxc5+ 32. Kg2 Rad8 33. axb5 axb5 34. Nxb5 cxb5 35. Bxb7 b4 36. Bd5+ Ke7 37. Ra6 Rd6 38. Ra5 Rc8 39. e4 Rb6 40. Ra7+ Ke8 41. Bb3 Rd6 42. Rxd6 Bxd6 43. Ra6 Be7 44. e5 fxe5 45. fxe5 Bf8 46. Ra1 Rc3 47. Rb1 Bc5 48. e6 Ke7 49. Kh3 Re3 50. Kg4 Re5 51. Rd1 Bd6 52. Rd3 Rg5+ 53. Kf3 Rc5 54. Ke4 Rc3 55. Rxc3 bxc3 56. Kf5 Bc5 57. g4 Be3 58. h4 Bd2 59. g5 hxg5 60. hxg5 Bxg5 61. Kxg5 c2 62. Bxc2 Kxe6 1/2-1/2

[Event "NAYCC U16"]
[Site "Kingston CAN"]
[Date "2025.08.23"]
[Round "9.7"]
[White "Hong, Zihan"]
[Black "Qian, Eric"]
[Result "1-0"]
[WhiteElo "1881"]
[BlackElo "1967"]
[WhiteFideId "-1"]
[WhiteFideId "-1"]
[PlyCount "83"]
[GameId "2220148373105324"]
[EventDate "2025.08.18"]
[EventType "swiss"]
[EventRounds "9"]
[EventCountry "CAN"]

1. d4 d5 2. Nc3 Nf6 3. Bf4 e6 4. Nb5 Na6 5. e3 Be7 6. Nf3 O-O 7. Ne5 c6 8. Nc3 Qa5 9. Bxa6 Qxa6 10. a3 c5 11. Qf3 Qb6 12. O-O-O c4 13. g4 Qa5 14. g5 Ne4 15. Nxe4 dxe4 16. Qxe4 c3 17. Rd3 cxb2+ 18. Kxb2 Rd8 19. Rb3 Rd5 20. c4 Qd2+ 21. Qc2 Rxd4 22. exd4 Qxd4+ 23. Ka2 Qxf4 24. Re1 Qxg5 25. Rg3 Qh5 26. Qd3 f6 27. Rh3 Qf5 28. Qxf5 exf5 29. Nc6 Bc5 30. Nd8 Bd7 31. Nxb7 Bxf2 32. Re7 Bc6 33. Rd3 Rb8 34. Nd8 Ba4 35. Ne6 g5 36. Rf3 Be1 37. Nc5 Bd1 38. Rd3 Bf2 39. Nd7 Bc2 40. Rd2 Bb3+ 41. Kb2 Rb7 42. Nxf6+ 1-0

[Event "NAYCC U16"]
[Site "Kingston CAN"]
[Date "2025.08.23"]
[Round "9.8"]
[White "Chen, Larry"]
[Black "Wang, Andy"]
[Result "1-0"]
[WhiteElo "1742"]
[BlackElo "1792"]
[WhiteFideId "-1"]
[WhiteFideId "-1"]
[PlyCount "87"]
[GameId "2220148373105325"]
[EventDate "2025.08.18"]
[EventType "swiss"]
[EventRounds "9"]
[EventCountry "CAN"]

1. d4 d5 2. c4 dxc4 3. Nf3 Nf6 4. e3 e6 5. Bxc4 a6 6. O-O c5 7. Be2 Nbd7 8. Nc3 Be7 9. dxc5 Bxc5 10. e4 e5 11. Bg5 O-O 12. Nd5 h6 13. Bh4 g5 14. Nxf6+ Nxf6 15. Qc2 Qe7 16. Bg3 Bd6 17. Nd2 Be6 18. b3 Nd7 19. Nc4 f6 20. Nxd6 Qxd6 21. Rfd1 Qc5 22. Bc4 Qe7 23. Bxe6+ Qxe6 24. Qc7 Rf7 25. Rd6 Nf8 26. Rxe6 Rxc7 27. Rxf6 Rac8 28. h3 Rc5 29. Rxh6 Rd8 30. Rb6 Rd4 31. Re1 Rd2 32. a4 Rd7 33. b4 Rc6 34. Rxc6 bxc6 35. Bxe5 Rb7 36. Bd6 Ne6 37. Rc1 Nd8 38. Rc5 Kh7 39. Ra5 Ra7 40. b5 cxb5 41. axb5 Nb7 42. Rxa6 Rxa6 43. bxa6 Nxd6 44. a7 1-0

[Event "NAYCC U16"]
[Site "Kingston CAN"]
[Date "2025.08.23"]
[Round "9.9"]
[White "Tseng, Bradley"]
[Black "Stelmach, Noah"]
[Result "1/2-1/2"]
[WhiteElo "1786"]
[BlackElo "1729"]
[WhiteFideId "-1"]
[WhiteFideId "-1"]
[PlyCount "49"]
[GameId "2220148373113518"]
[EventDate "2025.08.18"]
[EventType "swiss"]
[EventRounds "9"]
[EventCountry "CAN"]

1. e4 c6 2. Nf3 d5 3. Nc3 dxe4 4. Nxe4 Nf6 5. Qe2 Nxe4 6. Qxe4 Be6 7. Bc4 Bxc4 8. Qxc4 e6 9. d4 Bd6 10. O-O Nd7 11. Re1 O-O 12. a4 a5 13. c3 Qc7 14. h3 Rfe8 15. Ng5 h6 16. Ne4 e5 17. Be3 Rad8 18. Rad1 Nb6 19. Qb3 Nd5 20. Nxd6 Rxd6 21. dxe5 Rxe5 22. Bf4 Rxe1+ 23. Rxe1 Qd7 24. Qd1 Rg6 25. Qf3 1/2-1/2

[Event "NAYCC U16"]
[Site "Kingston CAN"]
[Date "2025.08.23"]
[Round "9.10"]
[White "Xu, Leon"]
[Black "Muthukumaran, Gurru"]
[Result "1/2-1/2"]
[WhiteElo "2045"]
[BlackElo "1939"]
[WhiteFideId "-1"]
[WhiteFideId "-1"]
[PlyCount "149"]
[GameId "2220148372978322"]
[EventDate "2025.08.18"]
[EventType "swiss"]
[EventRounds "9"]
[EventCountry "CAN"]

1. e4 c5 2. Nf3 Nc6 3. d4 cxd4 4. Nxd4 g6 5. Nc3 Bg7 6. Be3 Nf6 7. Bc4 O-O 8. Bb3 Re8 9. O-O d6 10. h3 Na5 11. Qd3 Nxb3 12. axb3 b6 13. f4 Bb7 14. Rad1 e5 15. Ndb5 exf4 16. Rxf4 d5 17. exd5 a6 18. Na3 b5 19. Bf2 Qd6 20. Qf3 Rad8 21. b4 Nxd5 22. Rxf7 Ba8 23. Ra7 Rf8 24. Rxa8 Rxf3 25. Rxd5 Qxd5 26. Nxd5 Rxa8 27. gxf3 Rd8 28. Ne3 Bxb2 29. Nb1 Rd4 30. c3 Rf4 31. Kg2 Rf8 32. Be1 Ra8 33. c4 Bc1 34. Bd2 Bxd2 35. Nxd2 bxc4 36. Ndxc4 Rb8 37. Nc2 Rc8 38. N2e3 Rb8 39. Nd5 Rb5 40. Nce3 a5 41. bxa5 Rxa5 42. Kg3 Kf7 43. Nc3 Ra3 44. Ned1 Ra1 45. Nf2 Ke6 46. Kf4 Ra5 47. Nce4 h6 48. Kg4 Kf7 49. Nd3 Kg7 50. Nf4 g5 51. Ne6+ Kg6 52. Nf8+ Kf7 53. Nd7 Kg6 54. Kg3 Ra3 55. Ne5+ Kf5 56. Nc4 Ra1 57. Ne3+ Kg6 58. Kg2 Ra2+ 59. Nf2 Re2 60. Nf1 Ra2 61. Ng3 Rb2 62. Nge4 Ra2 63. Kg3 Rb2 64. Nd3 Rb5 65. Kg4 Ra5 66. h4 gxh4 67. Nf4+ Kg7 68. Nh3 Kg6 69. f4 Rf5 70. Nd6 Ra5 71. Kxh4 Rd5 72. Ne4 Rh5+ 73. Kg4 Ra5 74. Nhf2 h5+ 75. Kh4 1/2-1/2